| 000 | 01086nam a2200325 i 4500 | ||
|---|---|---|---|
| 003 | EG-GICUC | ||
| 005 | 20260415191134.0 | ||
| 008 | 260415s1911 enk||||fr|||| 001 0 eng d | ||
| 040 |
_aEG-GiCUC _beng _cEG-GiCUC _dEG-GiCUC _erda |
||
| 041 | 0 | _aeng | |
| 082 | 0 | 4 |
_221 _a343.3 _bW I . E |
| 092 | 0 | 4 | _221 |
| 099 | _aLaw1 10 343.3 W I . E 1911 | ||
| 100 | 1 |
_aA. M. Wilshere _eAuthor. |
|
| 245 | 1 | 4 |
_aThe Elements Criminal Law And Procedure : _bWith A Chapter On Summary Convictions / _cBy A. M. Wilshere, M.a., Ll.b. |
| 250 | _aSecond Edition. | ||
| 264 | 1 |
_aLondon : _bSweet And Maxwell, Limited, _c1911. |
|
| 300 |
_a262 pages, various pagings ; _c24 cm |
||
| 336 |
_2rda content _atext |
||
| 337 |
_2rda media _aComputer |
||
| 338 |
_2rda carrier _aOnline Resource |
||
| 504 | _aIncludes bibliographical references and index. | ||
| 546 | _aText in English | ||
| 650 | 1 |
_aCriminal law _2qrmak |
|
| 651 | 1 | _2qrmak | |
| 700 | 1 |
_a M.a., Ll.b. _ejoint author. |
|
| 856 | 4 | 0 | _uhttps://fll.law.cu.edu.eg/fulltext/bks/B10-00316.pdf |
| 905 | _a62 | ||
| 942 |
_2ddc _n0 _cBK _e21 |
||
| 999 |
_c71241 _d71241 |
||